Healthcare Tourism : (Record no. 1710)

MARC details
000 -LEADER
fixed length control field 00753nam a2200205 a 4500
005 - DATE AND TIME OF LATEST TRANSACTION
control field 20260112063241.0
020 ## - INTERNATIONAL STANDARD BOOK NUMBER
International Standard Book Number 8187099461
039 ## - LEVEL OF BIBLIOGRAPHIC CONTROL AND CODING DETAIL [OBSOLETE]
Level of rules in bibliographic description 202110211233
Level of effort used to assign nonsubject heading access points staff
Level of effort used to assign subject headings 202110041541
Level of effort used to assign classification staff
Level of effort used to assign subject headings 202110041541
Level of effort used to assign classification staff
-- 200909222123
-- staff
082 ## - DEWEY DECIMAL CLASSIFICATION NUMBER
Classification number 338.4791
Item number GAU [ Shelf 57 ]
100 ## - MAIN ENTRY--PERSONAL NAME
Personal name Gautam
Dates associated with a name Vinayshil
245 ## - TITLE STATEMENT
Title Healthcare Tourism :
Remainder of title Oppurtunities for India
Statement of responsibility, etc. Vinayshil Gautam
260 ## - PUBLICATION, DISTRIBUTION, ETC.
Place of publication, distribution, etc. Mumbai :
Name of publisher, distributor, etc. Quest Publication and EXIM ,
Date of publication, distribution, etc. 2008
300 ## - PHYSICAL DESCRIPTION
Extent 228 :
Other physical details ill, maps, chart photos ;
Dimensions 10cm
650 ## - SUBJECT ADDED ENTRY--TOPICAL TERM
Topical term or geographic name entry element Healthcare Tourism
General subdivision Oppurtunities
Chronological subdivision 21st Century
Geographic subdivision India
700 ## - ADDED ENTRY--PERSONAL NAME
Personal name Raman
Numeration R M V
700 ## - ADDED ENTRY--PERSONAL NAME
Personal name Prahalathan
Numeration S
991 ## -
-- VIRTUA40
991 ## -
-- VTLSSORT0080*0200*0820*1000*2450*2600*3000*6500*7000*7001*9992
909 ## -
-- 1740
Holdings
Withdrawn status Lost status Damaged status Not for loan Home library Current library Date acquired Total checkouts Full call number Barcode Copy number Koha item type
        Indian Institute Of Management, Shillong Indian Institute Of Management, Shillong 22/09/2009   338.4791 GAU [ Shelf 57 ] 0006664   Reference
Copyright © 2026 Indian Institute of Management Shillong. All Rights Reserved.